| 000 | 00567nam a22002177a 4500 | ||
|---|---|---|---|
| 003 | UA-OsUOA | ||
| 001 | 88220 | ||
| 007 | ta | ||
| 008 | 20121002b un ||||| |||| 00| 0 ukr d | ||
| 090 |
_a82.09 _bД19 |
||
| 942 | _cBK | ||
| 040 |
_aUA-OsUOA _brus _cUA-OsUOA _dUA-OsUOA |
||
| 245 |
_aДантовские чтения 1985 _cРед.И. Бэлза |
||
| 300 | _a284 с. | ||
| 955 | _a0 | ||
| 041 | _arus | ||
| 080 | _a82.09 | ||
| 260 |
_aМ. _bНаука _c1985 |
||
| 650 | 7 |
_a82 Література. Літературознавство _2UDC |
|
| 999 |
_c374647 _d374647 |
||